<?xml version="1.0" encoding="UTF-8"?>
<marc:record xmlns:marc="http://www.loc.gov/MARC21/slim">
   <marc:leader>00000nam a2200000 a 4500</marc:leader>
   <marc:datafield ind1="1" ind2=" " tag="100">
      <marc:subfield code="a">Wilkening, Friedrich</marc:subfield>
      <marc:subfield code="4">aut</marc:subfield>
      <marc:subfield code="e">Verfasser/-in</marc:subfield>
   </marc:datafield>
   <marc:datafield ind1="1" ind2=" " tag="100">
      <marc:subfield code="a">Freund, Alexandra M.</marc:subfield>
      <marc:subfield code="4">aut</marc:subfield>
      <marc:subfield code="e">Verfasser/-in</marc:subfield>
   </marc:datafield>
   <marc:datafield ind1="1" ind2=" " tag="100">
      <marc:subfield code="a">Martin, Mike</marc:subfield>
      <marc:subfield code="4">aut</marc:subfield>
      <marc:subfield code="e">Verfasser/-in</marc:subfield>
   </marc:datafield>
   <marc:datafield ind1=" " ind2=" " tag="653">
      <marc:subfield code="a">Entwicklungspsychologie</marc:subfield>
   </marc:datafield>
   <marc:datafield ind1=" " ind2=" " tag="653">
      <marc:subfield code="a">Softcover / Psychologie/Theoretische Psychologie</marc:subfield>
   </marc:datafield>
   <marc:datafield ind1=" " ind2=" " tag="653">
      <marc:subfield code="a">Entwicklung</marc:subfield>
   </marc:datafield>
   <marc:datafield ind1=" " ind2=" " tag="653">
      <marc:subfield code="a">Lehrbuch</marc:subfield>
   </marc:datafield>
   <marc:datafield ind1="0" ind2="0" tag="245">
      <marc:subfield code="a">Entwicklungspsychologie kompakt</marc:subfield>
   </marc:datafield>
   <marc:datafield ind1="0" ind2="0" tag="245">
      <marc:subfield code="b">mit Online-Materialien</marc:subfield>
   </marc:datafield>
   <marc:datafield ind1="0" ind2="0" tag="245">
      <marc:subfield code="c">Friedrich Wilkening ; Alexandra M. Freund ; Mike Martin</marc:subfield>
   </marc:datafield>
   <marc:datafield ind1=" " ind2="1" tag="264">
      <marc:subfield code="a">Weinheim</marc:subfield>
      <marc:subfield code="b">Beltz, PVU</marc:subfield>
      <marc:subfield code="c">2009</marc:subfield>
   </marc:datafield>
   <marc:datafield ind1="1" ind2=" " tag="520">
      <marc:subfield code="a">Angaben aus der Verlagsmeldung

Entwicklungspsychologie kompakt : Mit Online-Materialien / von Friedrich Wilkening, Alexandra M. Freund, Mike Martin

Entwicklung ist nicht mit dem Erreichen des Erwachsenenalters abgeschlossen, sondern geschieht lebenslang – die moderne Entwicklungspsychologie bezieht sich daher auf das gesamte Leben eines Menschen: Alle Altersbereiche sind durch alterstypische Anforderungen, Ziele und Ressourcen gekennzeichnet.

Zu jedem Lebensalter – Kindheit und Jugend, Erwachsenenalter und Alter – werden die jeweils bedeutsamen Kompetenz-Bereiche dargestellt: Kognition, Sozialverhalten, Motivation, Emotion, Persönlichkeit und Identität, Entwicklungseinflüsse und Lebensereignisse.

„Entwicklungspsychologie kompakt“ ist ein Lehr- und Arbeitsbuch für Studierende der Psychologie und der Pädagogik: verständlich und anschaulich geschrieben, klar strukturiert und mit vielen zum Nachdenken oder Lernen anregenden Fragen.
</marc:subfield>
   </marc:datafield>
   <marc:datafield ind1=" " ind2=" " tag="020">
      <marc:subfield code="a">9783621277518</marc:subfield>
      <marc:subfield code="9">9783621277518</marc:subfield>
   </marc:datafield>
   <marc:datafield ind1=" " ind2=" " tag="041">
      <marc:subfield code="a">ger</marc:subfield>
   </marc:datafield>
   <marc:datafield ind1=" " ind2=" " tag="300">
      <marc:subfield code="a">XI, 187 S.</marc:subfield>
   </marc:datafield>
</marc:record>
